000 00576cam a2200169 4500500
005 20260322004831.0
041 _afre
042 _adc
100 1 0 _aGauchet, Marcel
_eauthor
700 1 0 _aToranian, Valérie
_eauthor
700 1 0 _ade Saint-Victor, Jacques
_eauthor
245 0 0 _aMarcel Gauchet. La droitisation de la France
260 _c2022.
500 _a64
786 0 _nRevue des deux Mondes | Javier-Février | 1 | 2022-02-01 | p. 10-24 | 2266-4734
856 4 1 _uhttps://shs.cairn.info/revue-revue-des-deux-mondes-2022-1-page-10?lang=fr&redirect-ssocas=7080
999 _c1743475
_d1743475